Gaming Quiz

Random Gaming Quiz

Yugioh! - Crystal Beast Archetype Quiz Stats

 Plays Quiz not verified by Sporcle

Challenge
Share
Tweet
Embed
Score 0/31 Timer 06:00
0 Plays Today
Card Type Name % Correct
MonsterCrystal Beast Sapphire Pegasus
96.2%
MonsterCrystal Beast Emerald Tortoise
96.2%
MonsterCrystal Beast Topaz Tiger
94.3%
MonsterCrystal Beast Ruby Carbuncle
92.5%
MonsterRainbow Dragon
92.5%
MonsterCrystal Beast Amber Mammoth
86.8%
MonsterCrystal Beast Amethyst Cat
84.9%
MonsterCrystal Beast Cobalt Eagle
77.4%
SpellAncient City - Rainbow Ruins
58.5%
SpellRare Value
50.9%
MonsterRainbow Overdragon
50%
MonsterRainbow Dark Dragon
49.1%
SpellCrystal Abundance
47.2%
SpellCrystal Tree
45.3%
SpellCrystal Promise
39.6%
TrapCrystal Raigeki
37.7%
Card Type Name % Correct
SpellCrystal Beacon
35.8%
SpellCrystal Blessing
35.8%
SpellCrystal Release
32.1%
TrapCrystal Pair
28.3%
SpellAdvanced Dark
22.6%
TrapCrystal Counter
17%
TrapRainbow Path
15.1%
TrapRainbow Gravity
13.2%
MonsterCrystal Master
11.3%
MonsterCrystal Keeper
7.5%
SpellRainbow Refraction
7.5%
TrapCrystal Conclave
3.8%
TrapUltimate Crystal Magic
0%
SpellRainbow Bridge
0%
SpellCrystal Bond
0%

You're not logged in!

Compare scores with friends on all Sporcle quizzes.
Join for Free
OR
Log In

You Might Also Like...

Show Comments

Extras

Top Quizzes Today


Score Distribution

Your Account Isn't Verified!

In order to create a playlist on Sporcle, you need to verify the email address you used during registration. Go to your Sporcle Settings to finish the process.

Report this User

Report this user for behavior that violates our Community Guidelines.

Details: